000 00314nam a22001337a 4500
008 181226b xxu||||| |||| 00| 0 eng d
020 _a0810204509
041 _aeng
080 _a316
100 _a50
101 _aSOC
245 _aCulture and Cognition: Rules, Maps and Plans
_cSpradley, J.P
942 _2udc
_cBK
999 _c53781
_d53781